Ukazovateľ komparatívnych výhod pri rozhodovaní podniku o zahraničnom obchode
Skúmanie poznania komparatívnej výhody pri zahraničnom obchode, konkrétnej agropotravinárskej komodity pri rozhodovaní podnikateľského subjektu pre zahraničnú aktivitu. Uplatnenie ukazovateľa komparatívnej výhody komodity.
Na minha lista:
| Autor principal: | |
|---|---|
| Outros Autores: | |
| Formato: | Capítulo de Livro |
| Idioma: | eslovaco |
| Assuntos: | |
| Tags: |
Sem tags, seja o primeiro a adicionar uma tag!
|
MARC
| LEADER | 00000naa$a2200000$$$4500 | ||
|---|---|---|---|
| 001 | 0060245 | ||
| 005 | 20230908102145.2 | ||
| 041 | 0 | |a slo | |
| 044 | |a SK | ||
| 245 | 1 | 0 | |a Ukazovateľ komparatívnych výhod pri rozhodovaní podniku o zahraničnom obchode |c Katarína Kleinová, Anton Kretter |
| 520 | |a Skúmanie poznania komparatívnej výhody pri zahraničnom obchode, konkrétnej agropotravinárskej komodity pri rozhodovaní podnikateľského subjektu pre zahraničnú aktivitu. Uplatnenie ukazovateľa komparatívnej výhody komodity. | ||
| 610 | 2 | 0 | |a obchod zahraničný |
| 610 | 2 | 0 | |a agropotravinárstvo |
| 610 | 2 | 0 | |a Slovensko |
| 610 | 2 | 0 | |a rozhodovanie manažérske |
| 610 | 2 | 0 | |a výhody komparatívne |
| 100 | 1 | |a Kleinová, Katarína | |
| 700 | 1 | |a Kretter, Anton | |